000 00778nam a22002297a 4500
999 _c189790
_d189790
005 20220713111858.0
010 _aENG-133504
020 _c799.00
_a9789353948160
035 _aEN-117036
037 _bDBAD/PUB
082 _a658
100 _aSaleem, Shaikh
245 _aBusiness Environment/
_cby Shaikh Saleem
250 _a4th edition
260 _aNoida
_bPearson
_c2021
270 _a15th floor,Tower-B,Word Trade Tower,Plot no.1,Block-C sec 16,
_bNoida
_e201301
_k04466540100
_mcompanysecretary.india@pearson.com
300 _axxii; 834p.
_c25cm(pbk)
_billustrations
600 _dSenior editor- Varun Goenka
600 _dEditor Development- Anindita Malhotra
600 _dSenior Editor Production- G. Sharmilee
942 _2ddc
_cEN
_h658
_mSAL